000 00345pam a2200157a 44500
008 230515b2007 xxu||||| |||| 00| 0 eng d
020 _aNULL
041 _aENGLISH
082 _a630
100 _aJAIN
245 _aTURING BARING RELATED PROCESS
250 _a5
260 _aDELHI
_bGAAJ PRAKASHAN
_c2007
300 _a927
650 _aNULL
999 _c651162
_d651162